ბათუმის შოთა რუსთაველის სახელმწიფო უნივერსიტეტის ბიბლიოთეკა

თხზულებანი ორ ტომად ტ.2 (ბიბ.ჩანაწერი № 42415)

000 -LEADER
fixed length control field 00729nam a2200217Ia 4500
001 - CONTROL NUMBER
control field 9111
003 - CONTROL NUMBER IDENTIFIER
control field GE_BSU
008 - FIXED-LENGTH DATA ELEMENTS--GENERAL INFORMATION
fixed length control field 181216s||||||||xx |||||||||||||| ||und||
040 ## - CATALOGING SOURCE
Transcribing agency GE_BSU
080 ## - UNIVERSAL DECIMAL CLASSIFICATION NUMBER
Universal Decimal Classification number 821.353.1–1
100 ## - MAIN ENTRY--PERSONAL NAME
Personal name ლებანიძე,მურმან
245 ## - TITLE STATEMENT
Title თხზულებანი ორ ტომად ტ.2
245 ## - TITLE STATEMENT
Remainder of title ტ.2 ლირიკა
245 ## - TITLE STATEMENT
Statement of responsibility, etc. რედ.ნუკრი აბესაძე,მხატვ. გიორგი წერეთელი
260 ## - PUBLICATION, DISTRIBUTION, ETC.
Place of publication, distribution, etc. თბილისი
260 ## - PUBLICATION, DISTRIBUTION, ETC.
Name of publisher, distributor, etc. საბჭოთა საქართველო
260 ## - PUBLICATION, DISTRIBUTION, ETC.
Date of publication, distribution, etc. 1989
300 ## - PHYSICAL DESCRIPTION
Extent 464გვ.ილ.1ფ.20სმ.
653 ## - INDEX TERM--UNCONTROLLED
Uncontrolled term ლირიკა
942 ## - ADDED ENTRY ELEMENTS (KOHA)
Koha item type წიგნი
ეგზემპლარები
Withdrawn status Lost status Damaged status Not for loan Date acquired Barcode Date last seen Price effective from Koha item type
        2018-12-17 31752 2018-12-17 2018-12-17 წიგნი
        2018-12-17 31753 2018-12-17 2018-12-17 წიგნი
        2018-12-17 31754 2018-12-17 2018-12-17 წიგნი